Ballon d’Or sans voyelle - Statistiques

Statistiques générales
  • Ce quiz a été pris 40 fois
  • Le résultat moyen est 33 sur 47
Statistiques - réponses
Hint Réponse % Correct
Bnzm Benzema
100%
Crstn Rnld Cristiano Ronaldo
100%
Mss Messi
100%
Zdn Zidane
100%
Kk Kaka
97%
Rnldhnh Ronaldhinho
97%
Dmbl Dembele
94%
Mdrc Modric
94%
Ndvd Nedved
94%
Ppn Papin
94%
Rnld Nzr Ronaldo Nazario
91%
Wh Weah
91%
Bgg Baggio
89%
Bcknbr Beckenbauer
89%
Vn Bst Van Basten
89%
Bst Best
86%
Crff Cruyff
86%
Pltn Platini
86%
Rvld Rivaldo
86%
D Stphn Di Stephano
83%
Fg Figo
83%
Gllt Gullit
83%
Cnnvr Cannavaro
80%
Mllr Muller
80%
Chvtchnk Chevtchenko
74%
Mtthws Matthews
74%
Rdr Rodri
74%
Ychn Yachine
74%
Chrltn Charlton
71%
Kp Kopa
66%
Mths Mathaus
66%
Smmr Sammer
63%
Rmmngg Rummenigge
57%
Srz Suarez
57%
Rss Rossi
51%
Sttchkv Stoitchkov
51%
Kgn Keegan
49%
Lw Law
46%
Wn Owen
46%
Blnv Belanov
43%
Blkhn Blokhine
34%
Rvr Rivera
34%
Sb Eusebio
31%
Lbrt Albert
29%
Mspst Masopust
29%
Smnsn Simonsen
29%
Svr Sivori
20%
Aucun quiz correspondant
Distribution des résultats
% des personnes avec chaque résultat
Percentile par nombre de réponses
Votre historique - résultats
Vous n’avez pas pris ce quiz